Hitler's Willing Executioners. Ordinary Germans and the Holocaust (Запис № 570647)

МАРК-запис
000 -Лідер
fixed length control field 00748 a2200241 4500
001 - Контрольний номер
control field 216220744
003 - Ідентифікатор контрольного номера
control field UA-OsUOA
005 - Дата та час останнього входження (трансакції)
control field 20210527164224.0
008 - Елементи даних фіксованої довжини – загальна інформація
fixed length control field 210525b un ||||| |||| 00| 0 ukr d
020 ## - Міжнародний стандартний книжковий номер (ISBN)
Міжнародний стандартний книжковий номер (ISBN) (НП) 0679446958
040 ## - Джерело каталогізації
Агенція оригінальної каталогізації UA-OsUOA
Мова каталогізації ukr
Агенція, яка здійснювала перезапис UA-OsUOA
Агенція, яка здійснювала модифікацію UA-OsUOA
041 ## - Код мови
Код мови тексту/ звукової доріжки чи окремого заголовка (П) ukr
080 ## - Індекс Універсальної десяткової класифікації
Індекс Універсальної десяткової класифікації (УДК) (НП) 94(4)
090 ## - Локальний шифр розміщення
Класифікаційний індекс УДК 94(4)
100 ## - Основне введення – ім’я особи
Ім’я особи (НП) Goldhagen D. J.
245 ## - Відомості про назву
Назва (НП) Hitler's Willing Executioners. Ordinary Germans and the Holocaust
Дані про відповідальність (НП) D. J. Goldhagen
260 ## - Публікація, розповсюдження і т.п. (Вихідні дані)
Дата публікації, розповсюдження і т.п. (П) 1996
Місце публікації, розповсюдження і т.п. (П) New York
300 ## - Фізичний опис
Обсяг 622 p.
650 ## - Додаткове предметне введення – тематичний термін
Джерело заголовка чи терміна UDC
Тематичний термін чи географічна назва, як елемент введення (НП) 94(4) Історія Європи
942 ## - Додаткові елементи входу (Коха)
Тип елемента Koha Книги
Source of classification or shelving scheme Universal Decimal Classification
955 ## - Код типу видання за змістом
Код типу видання за змістом (НП) Наукові видання
Фонди
Стан вилучень Стан втрат Джерело класифікації або схеми стелажів Стан уражень Не для кредиту Постійне місце розташування Поточне розміщення Дата придбання Джерело придбання Вартість, звичайна ціна покупки Інвентарний номер Усього замовленно Повний номер виклику Штрих-код Дата останнього перегляду Вартість, ціна заміни Ціна ефективна від Тип елемента Koha
    Universal Decimal Classification     Наукова бібліотека ІДУД Наукова бібліотека ІДУД 25/05/2021 Акт надходження № 5 / 24.05.2021 (від Г. Грушецької) 1.00 2140000   94(4) 2140000 25/05/2021 1.00 25/05/2021 Книги